000 00975nam a2200241Ia 4500
999 _c40484
_d40484
001 7095
003 GE_BSU
005 20231106175007.0
008 181216s2005||||ge |||||||||||||| ||geo||
020 _a9994039784
040 _cGE_BSU
041 _ageo
080 _a821.111(73)-31 ფ-78
100 _aფოლკნერი, უილიამ
_914793
245 _aგამტაცებელნი : მოგონებების გალა :
_bრომანი /
_cუილიამ ფოლკნერი ; ინგლ. თარგმნა ზაურ კილაძემ.
264 _aთბილისი :
_bინტელექტი,
_c2005.
300 _a297 გვ. ;
_c20 სმ.
490 _a(ნობელის პრემიის ლაურეატები)
541 _h8ლ.
653 _aრომანი
700 _aკილაძე, ზაურ
_eმთარგმნელი
_919406
942 _cBK
_2udc